Ielts writing recent actual tests

Cuốn sách IELTS Writing Recent Actual Tests cung cấp những kiến thức trọng tâm và thông tin cơ bản cần biết để bạn tự tin khi tham gia kì thi viết IELTS. Phần phụ lục của sách có thêm đề thi mẫu, giúp bạn tham khảo và tự kiểm tra năng lực của bản...

Disgrifiad llawn

Wedi'i Gadw mewn:
Manylion Llyfryddiaeth
Prif Awdur: Trịnh, Khánh Lợi
Fformat: Llyfr
Iaith:Undetermined
Cyhoeddwyd: Thành phố Hồ Chí Minh Tổng hợp 2015
Pynciau:
Tagiau: Ychwanegu Tag
Dim Tagiau, Byddwch y cyntaf i dagio'r cofnod hwn!
Thư viện lưu trữ: Trung tâm Học liệu Trường Đại học Cần Thơ
LEADER 01176nam a2200217Ia 4500
001 CTU_202269
008 210402s9999 xx 000 0 und d
020 |c 288000 
082 |a 428.0076 
082 |b L462 
100 |a Trịnh, Khánh Lợi 
245 0 |a Ielts writing recent actual tests 
245 0 |c Trịnh Khánh Lợi (Chủ biên), Đỗ Tư Tấn ; Nguyễn Thành Yến (Chuyển ngữ phần chú giải) 
260 |a Thành phố Hồ Chí Minh 
260 |b Tổng hợp 
260 |c 2015 
520 |a Cuốn sách IELTS Writing Recent Actual Tests cung cấp những kiến thức trọng tâm và thông tin cơ bản cần biết để bạn tự tin khi tham gia kì thi viết IELTS. Phần phụ lục của sách có thêm đề thi mẫu, giúp bạn tham khảo và tự kiểm tra năng lực của bản thân một cách chủ động, linh hoạt 
650 |a English language,Tiếng Anh,Kỹ thuật viết,Technical writing 
650 |x Examinations,Kỳ thi 
904 |i Tuyến 
980 |a Trung tâm Học liệu Trường Đại học Cần Thơ